Les différentes formes de gouvernements - Statistiques

Statistiques générales
  • Ce quiz a été pris 55 fois
  • Le résultat moyen est 7 sur 23
Statistiques - réponses
Forme de gouvernement Indice % Correct
Anarchie Désordre résultant d'une absence ou d'une carence d'autorité.
96%
Monarchie Régime politique dans lequel le chef de l'État est un monarque, un roi héréditaire.
70%
République Forme de gouvernement où le chef de l'État (président) n'est pas seul à détenir le pouvoir qui n'est pas héréditaire ; État ainsi gouverné.
70%
Méritocratie Sous-régime de République. Établit un lien direct entre mérite et pouvoir
51%
Technocratie Sous-régime de République. Système politique et économique dans lequel les techniciens et les technocrates ont un pouvoir prédominant.
47%
Fédération Sous-régime de République. Groupement, union de plusieurs États en un État fédéral.
45%
Gérontocratie Sous-régime de République. Gouvernement, domination par des vieillards.
38%
Autoritarisme Caractère d'un régime politique, d'un gouvernement autoritaire.
36%
Dictature Magistrature extraordinaire, la plus élevée de toutes, chez les Romains./ Concentration de tous les pouvoirs entre les mains d'un individu, d'une assemblée, d'un parti, d'une classe.
34%
Aristocratie Sous-régime de République. Forme de gouvernement où le pouvoir souverain appartient à la noblesse.
30%
Ploutocratie Sous-régime de République. Gouvernement par les plus fortunés. (Exemple: Balthazar Picsou 😉)
30%
Oligarchie Sous-régime de République. Régime politique dans lequel la souveraineté appartient à une classe restreinte et privilégiée.
26%
Totalitarisme Sous-régime d’Autoritarisme. Système politique des régimes totalitaires.
26%
Népotisme Sous-régime de République. Abus qu'une personne en place fait de son influence en faveur de sa famille, de ses amis.
21%
Autocratie Forme de gouvernement où le souverain exerce lui-même une autorité sans limites.
19%
Absolutisme Système de gouvernement où le pouvoir du chef de l'État est absolu.
17%
Kleptocratie Sous-régime de République. Forme de pouvoir basée sur la corruption.
6%
Epistocratie Sous-régime de République. est un système politique qui accorde plus de crédit ou de pouvoir à des personnes ayant une meilleure maîtrise des sujets traités dans la prise de décisions.
0%
Holacratie Sous-régime de République. C’est une forme de management constitutionnel, fondée sur la mise en œuvre formalisée de modes de prise de décision et de répartition des responsabilités communs à tous.
0%
Ochlocratie Sous-régime de République. Régime politique dans lequel la foule a le pouvoir d'imposer sa volonté.
0%
Post-démocratie Sous-Régime de République. Système politique succédant à une démocratie, mais est surtout utilisé pour désigner plus précisément un système politique affichant des principes démocratiques hérités d'un système démocratique, sans pour autant les respecter dans les faits.
0%
Sociocratie Sous-régime de République. mode d'organisation du pouvoir où celui-ci est exercé par l'ensemble de la société. Le mode de prise de décision et de gouvernance permet à une société, un groupe, une entreprise, une organisation, de se comporter comme un organisme vivant et de s'auto-organiser.
0%
Stochocratie Sous-régime de République. En politique, le tirage au sort permet de désigner jurés et magistrats exécutifs, législatifs et judiciaires au moyen du hasard et parmi un ensemble de candidats universel ou restreint
0%
Aucun quiz correspondant
Distribution des résultats
% des personnes avec chaque résultat
Percentile par nombre de réponses
Votre historique - résultats
Vous n’avez pas pris ce quiz